Brazylijczycy w FC Barcelona - nagła śmierć - Statystyki

Ogólne statystyki
  • Ten quiz został rozwiązany 258 razy
  • Średni wynik to 9 z 18
Answers on the Grid
Answers color-coded by a green-red scale on the quiz's grid according to % correct below.
Adriano (ur.1984)
Alex
Dani Alves
Sonny Anderson
Bebeto
Juliano Belletti
Roberto Carlos
Casemiro
Philippe Coutinho
Denilson
Edmilson
Giovane Elber
Evaristo
Roberto Firmino
Giovanni
Luiz Gustavo
Hulk
Mario Jardel
Kaka
Lucio
Maicon
Marcelo
Maxwell
Neymar
Paulinho
Pele
Rafinha
Raphinha
Rivaldo
Richarlison
Romario
Ronaldinho
Ronaldo
Mauro Silva
Sylvinho
Zico
 
Statystyki odpowiedzi
Odpowiedź % Poprawnych
Dani Alves
90%
Philippe Coutinho
80%
Ronaldinho
78%
Neymar
76%
Raphinha
76%
Rivaldo
70%
Ronaldo
65%
Rafinha
63%
Paulinho
54%
Romario
49%
Adriano (ur.1984)
44%
Maxwell
41%
Sylvinho
34%
Juliano Belletti
33%
Edmilson
31%
Sonny Anderson
20%
Giovanni
14%
Evaristo
6%
Nie znaleziono quizów pasujących do podanych kryteriów
Rozkład punktacji
Procent ludzi z każdym wynikiem
Percentyl według liczby udzielonych odpowiedzi
Twoja historia wyników
Nie rozwiązałeś tego quizu